All "Big Five" Football League Clubs 2025-26 - Statistics

General Stats
  • This quiz has been taken 362 times
    309 since last reset
  • The average score is 62 of 96
Answer Stats
Answer % Correct
Manchester City
97%
Arsenal
96%
Liverpool
96%
Manchester United
95%
Chelsea
93%
Barcelona
92%
Real Madrid
92%
AC Milan
91%
Bayern Munich
91%
Inter Milan
91%
Tottenham Hotspur
91%
Aston Villa
90%
Atlético Madrid
90%
Paris Saint-Germain
89%
Borussia Dortmund
88%
Napoli
87%
Newcastle United
87%
Juventus
85%
Bayer Leverkusen
84%
Wolverhampton Wanderers
84%
Brighton & Hove Albion
83%
Athletic Bilbao
82%
West Ham United
82%
Nottingham Forest
81%
Sunderland
80%
Crystal Palace
79%
Leeds United
79%
Fulham
78%
Olympique Marseille
78%
Roma
78%
Everton
77%
Lazio
76%
Sevilla
76%
Burnley
75%
Villarreal
73%
AS Monaco
71%
Brentford
71%
Bournemouth
70%
Valencia
70%
Eintracht Frankfurt
69%
Real Betis
69%
Real Sociedad
69%
Fiorentina
68%
Lille OSC
67%
Como
66%
Atalanta
65%
Hamburger SV
63%
RB Leipzig
62%
Stuttgart
62%
Girona
61%
Stade Rennais
59%
Bologna
58%
Torino
58%
VfL Wolfsburg
58%
Paris FC
56%
1. FC Koln
55%
Mallorca
55%
OGC Nice
55%
Stade Brestois
55%
Borussia Mönchengladbach
54%
Espanyol
54%
Getafe
54%
RC Lens
54%
Werder Bremen
54%
Rayo Vallecano
52%
Nantes
51%
Sassuolo
51%
Union Berlin
51%
Hellas Verona
50%
Hoffenheim
49%
Parma
49%
SC Freiburg
49%
Celta Vigo
48%
Genoa
48%
RC Strasbourg
48%
Udinese
48%
Mainz
47%
Real Oviedo
47%
Cagliari
46%
Osasuna
46%
Pisa
46%
Heidenheim
44%
Toulouse
44%
Elche
43%
Augsburg
41%
Lecce
41%
Levante
41%
Metz
39%
Saint Pauli
38%
Stade de Reims
37%
Alavés
36%
Cremonese
36%
Le Havre
34%
Lorient
34%
Auxerre
32%
Angers SCO
31%
No matching quizzes found
Score Distribution
Percent of People with Each Score
Percentile by Number Answered
Your Score History
You have not taken this quiz since the last reset